[Event "Bundesliga 2021-22"]
[Site "Kiel GER"]
[Date "2022.03.06"]
[Round "2.6"]
[Board "4"]
[White "Berelowitsch, Alexander"]
[Black "Bjerre, Jonas Buhl"]
[Result "1/2-1/2"]
[WhiteTitle "GM"]
[BlackTitle "GM"]
[WhiteElo "2506"]
[BlackElo "2601"]
[WhiteTeam "Duesseldorfer SK"]
[BlackTeam "SK Doppelbauer Turm Kiel"]
[WhiteFideId "14101440"]
[BlackFideId "1444948"]
[EventDate "2022.03.05"]

1. e4 c5 2. Nf3 d6 3. d4 cxd4 4. Nxd4 Nf6 5. Nc3 a6 6. g3 e5 7. Nb3 Be7 8. Bg2
O-O 9. O-O b5 10. a4 b4 11. Nd5 Nxd5 12. Qxd5 Ra7 13. Be3 Be6 14. Qd3 Ra8 15.
Rfc1 Nd7 16. c4 bxc3 17. Rxc3 Rb8 18. Nd2 Nc5 19. Qc2 Rb4 20. Bxc5 dxc5 21. Bf1
Qb8 22. b3 Bg5 23. Bxa6 Bxd2 24. Qxd2 Rxb3 25. Bc4 Rb1+ 26. Rxb1 Qxb1+ 27. Rc1
Qxe4 28. Bxe6 fxe6 29. Rxc5 Qxa4 1/2-1/2

[Event "Bundesliga 2021-22"]
[Site "Kiel GER"]
[Date "2022.03.06"]
[Round "2.6"]
[Board "5"]
[White "Dziuba, Marcin"]
[Black "Levin, Felix"]
[Result "1-0"]
[WhiteTitle "GM"]
[BlackTitle "GM"]
[WhiteElo "2568"]
[BlackElo "2456"]
[WhiteTeam "SK Doppelbauer Turm Kiel"]
[BlackTeam "Duesseldorfer SK"]
[WhiteFideId "1112953"]
[BlackFideId "4650905"]
[EventDate "2022.03.05"]

1. d4 d5 2. c4 e6 3. Nf3 Nf6 4. Nc3 c5 5. cxd5 Nxd5 6. e4 Nxc3 7. bxc3 cxd4 8.
cxd4 Bb4+ 9. Bd2 Bxd2+ 10. Qxd2 O-O 11. Bc4 Nd7 12. O-O b6 13. Rad1 Bb7 14. Rfe1
Rc8 15. Bb3 h6 16. Re3 Re8 17. h3 Qc7 18. d5 exd5 19. exd5 Rxe3 20. Qxe3 Qc5 21.
Qf4 Nf6 22. d6 Bxf3 23. Qxf3 Rd8 24. Qb7 Rf8 25. Ba4 g5 26. g3 Kg7 27. Bc6 Rd8
28. Qe7 Rf8 29. Bf3 b5 30. Kg2 a5 31. Bb7 b4 32. Qc7 Qe5 33. Qb6 Qf5 34. Rd2 Rb8
35. d7 Nxd7 36. Qc7 Rxb7 37. Qxb7 Nf6 38. Qf3 Qe5 39. Qc6 Qf5 40. Qc4 Qe5 41.
Qd4 Qe6 42. Rc2 Qa6 43. Rc7 Qa8+ 44. Kg1 Qf3 45. Rc5 Qb7 46. Qc4 Qe7 47. Rc7 Qe8
48. Ra7 Kg6 49. Kg2 1-0

[Event "Bundesliga 2021-22"]
[Site "Kiel GER"]
[Date "2022.03.06"]
[Round "2.6"]
[Board "6"]
[White "Sorensen, Hampus"]
[Black "Gavrilescu, David"]
[Result "1/2-1/2"]
[WhiteTitle "IM"]
[BlackTitle "IM"]
[WhiteElo "2364"]
[BlackElo "2512"]
[WhiteTeam "Duesseldorfer SK"]
[BlackTeam "SK Doppelbauer Turm Kiel"]
[WhiteFideId "8703884"]
[BlackFideId "1227190"]
[EventDate "2022.03.05"]

1. d4 d5 2. c4 e6 3. Nc3 a6 4. cxd5 exd5 5. Nf3 c6 6. Qc2 Bd6 7. Bg5 Ne7 8. e3
f6 9. Bh4 Bf5 10. Qb3 Nd7 11. Bg3 Bxg3 12. hxg3 Qb6 13. Qa3 a5 14. Nh4 Be6 15.
Bd3 Kf7 16. Ke2 Qb4 17. Qb3 Qxb3 18. axb3 g5 19. Nf3 h5 20. Ra3 b6 21. Ne1 Rag8
22. Nc2 h4 23. gxh4 Rxh4 24. Rxh4 gxh4 25. Kf1 Bg4 26. Be2 Bf5 27. Ne1 Nc8 28.
Nd3 Nd6 29. Nf4 Nf8 30. Ra1 Ne6 31. Nxe6 Kxe6 32. Rc1 Kd7 33. f3 Re8 34. Kf2 Bg6
35. Rh1 Bc2 36. Rxh4 Bxb3 37. e4 dxe4 38. Nxe4 Ke6 39. Rh6 Rf8 40. g4 c5 41.
dxc5 Nxe4+ 42. fxe4 bxc5 43. Ke3 Ke7 44. Rh7+ 1/2-1/2

[Event "Bundesliga 2021-22"]
[Site "Kiel GER"]
[Date "2022.03.06"]
[Round "2.6"]
[Board "7"]
[White "Meshkovs, Nikita"]
[Black "Stark, Lars"]
[Result "1-0"]
[WhiteTitle "GM"]
[BlackTitle "IM"]
[WhiteElo "2561"]
[BlackElo "2386"]
[WhiteTeam "SK Doppelbauer Turm Kiel"]
[BlackTeam "Duesseldorfer SK"]
[WhiteFideId "11602740"]
[BlackFideId "4676386"]
[EventDate "2022.03.05"]

1. d4 Nf6 2. c4 e6 3. Nf3 d5 4. g3 Bb4+ 5. Bd2 Be7 6. Bg2 O-O 7. O-O Nbd7 8. Bf4
Nh5 9. Bc1 Nhf6 10. Qc2 c6 11. Nbd2 b6 12. e4 Bb7 13. e5 Ne8 14. cxd5 cxd5 15.
Re1 Qc7 16. Qd3 Rc8 17. Nf1 Qc2 18. Qxc2 Rxc2 19. Ne3 Rc8 20. Bd2 Nc7 21. Rac1
Na6 22. a3 Rxc1 23. Rxc1 Rc8 24. Rxc8+ Bxc8 25. Bh3 Nab8 26. Ne1 Ba6 27. f4 Nf8
28. f5 Nc6 29. Bc3 Bg5 30. N3g2 Bc8 31. Nf3 Bc1 32. Ngh4 Na5 33. Nd2 Nc6 34. Nb3
Bg5 35. fxe6 fxe6 36. Nf3 Be3+ 37. Kf1 Ba6+ 38. Ke1 Bc4 39. Bd2 Bxd2+ 40. Nbxd2
Bd3 41. Kf2 h6 42. Ke3 Ba6 43. Bg4 Kf7 44. h4 Bb5 45. Nb1 Na5 46. Nfd2 Ke7 47.
Nc3 Be8 48. b4 Nc6 49. Nb3 Bg6 50. b5 Nd8 51. Kd2 Be8 52. a4 Nb7 53. Na2 Kd7 54.
Nb4 Kc7 55. Kc3 Bf7 56. Nd3 Na5 57. Nd2 Kd7 58. Nf1 Ke7 59. Ne3 Bg6 60. Nf4 Be4
61. Kb4 Kf7 62. Bh3 Bf3 63. h5 Nb7 64. Neg2 Nd8 65. Nh4 Be4 66. a5 Nh7 67. a6
Ng5 68. Bg4 Ke8 69. Ne2 Bd3 70. Nc3 Bc2 71. Ng2 Ne4 72. Nf4 Kf7 73. Nxe4 Bxe4
74. Ne2 Ke7 75. Kc3 Bg2 76. Nf4 Bf1 77. Kb4 Bc4 78. Ng6+ Kd7 79. Ka4 Ke8 80. Bh3
Kd7 81. Kb4 Ke8 82. Nf4 Ke7 83. Bg4 Kd7 84. Ng2 Bd3 85. Ne3 Be4 86. Nd1 Kc7 87.
Nb2 Bc2 88. Kc3 Be4 89. Kd2 Bg2 90. Ke2 Be4 91. Ke3 Bg2 92. Kf2 Be4 93. Bh3 Bc2
94. Ke3 Be4 95. Nc4 Bc2 96. Nd6 Ba4 97. g4 Kd7 98. Kf4 Bd1 99. Bf1 Bc2 100. Be2
Bb1 101. g5 hxg5+ 102. Kxg5 Bc2 103. h6 gxh6+ 104. Kxh6 Bb1 105. Kg7 Bc2 106.
Kf6 Bb1 107. Bh5 Bd3 108. Be8+ Kc7 109. Ke7 Bf1 110. Bd7 Bh3 111. Ne8+ 1-0

[Event "Bundesliga 2021-22"]
[Site "Kiel GER"]
[Date "2022.03.06"]
[Round "2.6"]
[Board "8"]
[White "Harff, Marcel"]
[Black "Barseghyan, Armen Ar."]
[Result "0-1"]
[WhiteTitle "FM"]
[BlackTitle "IM"]
[WhiteElo "2359"]
[BlackElo "2348"]
[WhiteTeam "Duesseldorfer SK"]
[BlackTeam "SK Doppelbauer Turm Kiel"]
[WhiteFideId "24621382"]
[BlackFideId "13306707"]
[EventDate "2022.03.05"]

1. c4 c5 2. Nf3 Nf6 3. b3 g6 4. Bb2 Bg7 5. g3 O-O 6. Bg2 d6 7. O-O e5 8. Nc3 Nc6
9. e3 Bf5 10. d4 e4 11. Nd2 Re8 12. Ne2 Qd7 13. a3 Rad8 14. Re1 h5 15. Ra2 h4
16. Qa1 h3 17. Bh1 cxd4 18. Nxd4 Ne5 19. Nxf5 Qxf5 20. Bxe5 Rxe5 21. f4 Ree8 22.
Qc1 d5 23. cxd5 Qxd5 24. Qc4 Qxc4 25. bxc4 Rd3 26. g4 Nxg4 27. Nxe4 Rxe3 28.
Rxe3 Bd4 29. Bf3 f5 30. Kh1 Nxe3 31. Nd6 Re7 32. Rd2 Nxc4 0-1

[Event "Bundesliga 2021-22"]
[Site "Bremen GER"]
[Date "2022.03.06"]
[Round "2.7"]
[Board "1"]
[White "Nguyen, Thai Dai Van"]
[Black "Adams, Michael"]
[Result "1/2-1/2"]
[WhiteTitle "GM"]
[BlackTitle "GM"]
[WhiteElo "2623"]
[BlackElo "2698"]
[WhiteTeam "SV Muelheim Nord"]
[BlackTeam "OSG Baden-Baden"]
[WhiteFideId "358878"]
[BlackFideId "400041"]
[EventDate "2022.03.05"]

1. Nf3 d5 2. d4 Nf6 3. c4 e6 4. Nc3 a6 5. cxd5 exd5 6. Bg5 Be6 7. e3 Nbd7 8. Bd3
Bd6 9. Bh4 h6 10. O-O c6 11. Rc1 O-O 12. Nd2 Be7 13. Bg3 Nb6 14. h3 Re8 15. Nf3
Nc8 16. Ne5 Nd6 17. Qc2 Nfe4 18. Bh2 Rc8 19. Na4 Bh4 20. b4 a5 21. a3 Nb5 22.
Nc5 Nxa3 23. Qb2 axb4 24. Qxb4 Nxc5 25. dxc5 Nb5 26. Bxb5 cxb5 27. Qxb5 d4 28.
e4 Bf6 29. Qxb7 Bxe5 30. Bxe5 Bxh3 31. Bg3 Bg4 32. f3 Be6 33. Qb2 Ra8 34. Qd2
Ra2 35. Rc2 Rxc2 36. Qxc2 d3 37. Qd2 Bb3 38. c6 Qb6+ 39. Bf2 Qxc6 1/2-1/2

[Event "Bundesliga 2021-22"]
[Site "Bremen GER"]
[Date "2022.03.06"]
[Round "2.7"]
[Board "2"]
[White "Wojtaszek, Radoslaw"]
[Black "Vrolijk, Liam"]
[Result "1-0"]
[WhiteTitle "GM"]
[BlackTitle "IM"]
[WhiteElo "2694"]
[BlackElo "2476"]
[WhiteTeam "OSG Baden-Baden"]
[BlackTeam "SV Muelheim Nord"]
[WhiteFideId "1118358"]
[BlackFideId "1048333"]
[EventDate "2022.03.05"]

1. d4 Nf6 2. c4 e6 3. Bf4 Bb4+ 4. Nd2 d5 5. a3 Bd6 6. Bxd6 Qxd6 7. e3 O-O 8.
Ngf3 b6 9. Rc1 c5 10. Be2 Nbd7 11. O-O Bb7 12. dxc5 bxc5 13. cxd5 exd5 14. b4
Rfc8 15. bxc5 Nxc5 16. Nd4 g6 17. N2b3 Nxb3 18. Qxb3 Ba6 19. Qa4 Bxe2 20. Nxe2
a6 21. Rfd1 Kg7 22. h3 h5 23. Nf4 Rab8 24. Rxc8 Rxc8 25. Qd4 Qxa3 26. Nxd5 Qd6
27. Nxf6 Qxf6 28. Qxf6+ Kxf6 29. Rd6+ Kg7 30. Rxa6 Rc2 31. g3 f5 32. Ra4 Rb2 33.
Kg2 Kf6 34. Kf3 Rc2 35. g4 hxg4+ 36. hxg4 Rb2 37. Kg3 Re2 38. Ra6+ Kf7 39. g5
Rb2 40. Ra7+ Kf8 41. Rd7 Ra2 42. f3 Re2 43. Kf4 Rf2 44. Rd1 Kf7 45. Re1 Ke6 46.
Kg3 Ra2 47. Rb1 Re2 48. Kf4 Kf7 49. Rb7+ Kf8 50. e4 fxe4 51. fxe4 Ra2 52. Rd7
Rg2 53. Rc7 Ra2 54. Ke5 Ra5+ 55. Ke6 Ra6+ 56. Kd5 Ra1 57. e5 Rg1 58. Kd6 Rxg5
59. e6 Rg1 60. Rc8+ Kg7 61. e7 Rd1+ 62. Kc6 Rc1+ 63. Kb7 Rb1+ 64. Ka6 1-0

[Event "Bundesliga 2021-22"]
[Site "Bremen GER"]
[Date "2022.03.06"]
[Round "2.7"]
[Board "3"]
[White "Zelbel, Patrick"]
[Black "Kasimdzhanov, Rustam"]
[Result "1/2-1/2"]
[WhiteTitle "IM"]
[BlackTitle "GM"]
[WhiteElo "2458"]
[BlackElo "2659"]
[WhiteTeam "SV Muelheim Nord"]
[BlackTeam "OSG Baden-Baden"]
[WhiteFideId "24624322"]
[BlackFideId "14200244"]
[EventDate "2022.03.05"]

1. e4 e5 2. Nf3 Nc6 3. Nc3 Nf6 4. d4 exd4 5. Nxd4 Bb4 6. Nxc6 bxc6 7. Bd3 d5 8.
exd5 O-O 9. O-O cxd5 10. h3 c6 11. Qf3 Bd6 12. Bf4 Be6 13. Ne2 c5 14. Rad1 Rb8
15. b3 Rb6 16. c4 d4 17. Rfe1 Bc8 18. Bg5 h6 19. Bxf6 Qxf6 20. Qxf6 gxf6 21. Ng3
Bxg3 22. fxg3 Be6 23. Rf1 Kg7 24. Rf4 Re8 25. Re1 a5 26. Rg4+ Kf8 27. Rh4 a4 28.
Bc2 axb3 29. axb3 Kg7 30. Rh5 Rc6 31. b4 cxb4 32. Ba4 Rec8 33. Bxc6 Rxc6 34. Rb5
Rxc4 35. Rb1 Rc3 36. R5xb4 Rxg3 37. Rxd4 Bxh3 38. Kh2 Bf5 39. Kxg3 Bxb1 40. Kf4
Ba2 41. g3 Be6 1/2-1/2

[Event "Bundesliga 2021-22"]
[Site "Bremen GER"]
[Date "2022.03.06"]
[Round "2.7"]
[Board "4"]
[White "Naiditsch, Arkadij"]
[Black "Buckels, Valentin"]
[Result "1/2-1/2"]
[WhiteTitle "GM"]
[BlackTitle "IM"]
[WhiteElo "2648"]
[BlackElo "2454"]
[WhiteTeam "OSG Baden-Baden"]
[BlackTeam "SV Muelheim Nord"]
[WhiteFideId "4650891"]
[BlackFideId "12942766"]
[EventDate "2022.03.05"]

1. Nf3 d5 2. g3 Nf6 3. Bg2 e6 4. O-O c5 5. d3 Nc6 6. Nbd2 g6 7. e4 Bg7 8. exd5
Nxd5 9. Nb3 b6 10. d4 c4 11. Nbd2 c3 12. Ne4 Ba6 13. Re1 O-O 14. Nxc3 Nxc3 15.
bxc3 Rc8 16. Bg5 Ne7 17. Qd2 Qc7 18. a4 Nd5 19. a5 bxa5 20. c4 Bxc4 21. Rxa5 Qb6
22. Ne5 Rc7 23. Rea1 Rfc8 24. h4 Bb5 25. Bxd5 exd5 26. Ng4 a6 27. c3 Rxc3 28.
Qf4 Qc7 29. Nf6+ Bxf6 30. Qxc7 R3xc7 31. Bxf6 Rc6 32. Be7 Re6 33. Bc5 Rce8 34.
Kg2 Kg7 35. R5a3 h6 36. Rc3 g5 37. hxg5 hxg5 38. g4 Kg6 39. Rh3 Re4 40. f3 Re2+
41. Kg3 f5 42. gxf5+ Kxf5 43. Bd6 Rc8 44. Bc5 Rce8 45. Bd6 Rc8 1/2-1/2

[Event "Bundesliga 2021-22"]
[Site "Bremen GER"]
[Date "2022.03.06"]
[Round "2.7"]
[Board "5"]
[White "Lenaerts, Lennert"]
[Black "Gustafsson, Jan"]
[Result "1/2-1/2"]
[WhiteTitle "FM"]
[BlackTitle "GM"]
[WhiteElo "2361"]
[BlackElo "2643"]
[WhiteTeam "SV Muelheim Nord"]
[BlackTeam "OSG Baden-Baden"]
[WhiteFideId "211435"]
[BlackFideId "4625498"]
[EventDate "2022.03.05"]

1. e4 e5 2. Nf3 Nc6 3. Bb5 a6 4. Ba4 Nf6 5. O-O Be7 6. Re1 b5 7. Bb3 O-O 8. c3
d5 9. exd5 Nxd5 10. Nxe5 Nxe5 11. Rxe5 c6 12. d4 Bd6 13. Re1 Qh4 14. g3 Qh3 15.
Be3 a5 16. Qf3 Be6 17. Qg2 Qf5 18. Nd2 a4 19. Bxd5 Bxd5 20. f3 Rfe8 21. Qf2 h5
22. Ne4 Bc7 23. Bd2 Re6 24. Re2 Rae8 25. a3 Qg6 26. Rae1 Bc4 27. Re3 h4 28. Kg2
Bd5 29. Ng5 Rxe3 30. Rxe3 f6 31. Nh3 Rxe3 32. Bxe3 hxg3 33. hxg3 Qf5 34. Bf4 Bd8
35. Qe2 Kf7 36. Kh2 Be7 37. g4 Qb1 38. Bg3 Bc4 39. Qd2 Bd5 40. Qe2 Bb3 41. Nf4
g5 1/2-1/2

[Event "Bundesliga 2021-22"]
[Site "Bremen GER"]
[Date "2022.03.06"]
[Round "2.7"]
[Board "6"]
[White "Meier, Georg"]
[Black "Van Osch, Mees"]
[Result "1-0"]
[WhiteTitle "GM"]
[BlackTitle "FM"]
[WhiteElo "2631"]
[BlackElo "2349"]
[WhiteTeam "OSG Baden-Baden"]
[BlackTeam "SV Muelheim Nord"]
[WhiteFideId "4675789"]
[BlackFideId "1035967"]
[EventDate "2022.03.05"]

1. c4 Nf6 2. Nc3 g6 3. d4 Bg7 4. Nf3 O-O 5. Bg5 c5 6. d5 d6 7. Nd2 h6 8. Bh4 g5
9. Bg3 Nh5 10. e4 Nxg3 11. hxg3 e6 12. Bd3 exd5 13. cxd5 Nd7 14. f4 a6 15. Nc4
b5 16. Nxd6 c4 17. Bc2 Qb6 18. e5 Qe3+ 19. Kf1 Nc5 20. Qf3 Qxf3+ 21. gxf3 Rd8
22. Re1 Bd7 23. Nce4 Nxe4 24. Bxe4 Rab8 25. Bf5 Rb6 26. Bxd7 Rxd6 27. exd6 Rxd7
28. Re8+ Kh7 29. fxg5 Rxd6 30. Rh5 Kg6 31. gxh6 Bxb2 32. g4 Kh7 33. Re7 Rf6 34.
Ke2 c3 35. Rc7 a5 36. Rf5 1-0

[Event "Bundesliga 2021-22"]
[Site "Bremen GER"]
[Date "2022.03.06"]
[Round "2.7"]
[Board "7"]
[White "Rezasade, Amir"]
[Black "Movsesian, Sergei"]
[Result "1-0"]
[WhiteTitle "FM"]
[BlackTitle "GM"]
[WhiteElo "2334"]
[BlackElo "2609"]
[WhiteTeam "SV Muelheim Nord"]
[BlackTeam "OSG Baden-Baden"]
[WhiteFideId "4692950"]
[BlackFideId "310204"]
[EventDate "2022.03.05"]

1. Nf3 Nf6 2. g3 d5 3. Bg2 c6 4. O-O Bf5 5. d4 e6 6. Nbd2 h6 7. Re1 Nbd7 8. c4
Be7 9. Qb3 Qb6 10. c5 Qc7 11. Nf1 O-O 12. Bf4 Qc8 13. Ne5 Re8 14. Rad1 b6 15.
cxb6 axb6 16. Nxd7 Nxd7 17. Ne3 Bh7 18. Ng4 c5 19. e4 c4 20. Qe3 dxe4 21. Bxe4
Bxe4 22. Qxe4 Bf8 23. Qb1 b5 24. a3 Qb7 25. h4 Nb6 26. Qc1 Nd5 27. Bd2 Rac8 28.
Re5 Ne7 29. Bxh6 f5 30. Bxg7 Bxg7 31. Nh6+ Kh7 32. Rxe6 Ng8 33. Rxe8 Bxh6 34.
Re3 Bxe3 35. Qxe3 Qe4 36. Qd2 Re8 37. d5 Nf6 38. d6 Nd7 39. Qa5 Qf3 40. Re1
Rxe1+ 41. Qxe1 Qe4 42. Qxe4 fxe4 43. Kf1 Kg6 44. Ke2 Kf5 45. Ke3 Ke5 46. g4 Nf6
47. f4+ exf3 48. Kxf3 Kxd6 49. g5 Nd5 50. h5 Ke6 51. h6 Kf7 52. Ke4 c3 53. bxc3
Nxc3+ 54. Kf5 Nd5 55. g6+ Kg8 56. Ke6 Nf4+ 57. Kf5 Nd5 58. Ke5 b4 59. axb4 Nxb4
60. Ke6 Nd3 61. Kf6 Kh8 62. h7 1-0

[Event "Bundesliga 2021-22"]
[Site "Bremen GER"]
[Date "2022.03.06"]
[Round "2.7"]
[Board "8"]
[White "Doettling, Fabian"]
[Black "Hoenig, Alexander"]
[Result "1-0"]
[WhiteTitle "GM"]
[WhiteElo "2587"]
[BlackElo "2209"]
[WhiteTeam "OSG Baden-Baden"]
[BlackTeam "SV Muelheim Nord"]
[WhiteFideId "4627253"]
[BlackFideId "4617770"]
[EventDate "2022.03.05"]

1. d4 d5 2. c4 c6 3. Nf3 Nf6 4. e3 a6 5. Nc3 e6 6. Qc2 Nbd7 7. b3 b6 8. Bd3 Bb7
9. O-O Bb4 10. Bb2 Qe7 11. a3 dxc4 12. bxc4 Bxc3 13. Qxc3 c5 14. Nd2 O-O 15. a4
a5 16. Rfd1 Rfe8 17. Bf1 e5 18. d5 e4 19. Rab1 Qd6 20. h3 Re5 21. Qb3 Rg5 22.
Bxf6 gxf6 23. Nxe4 Qe5 24. Nxg5 Qxg5 25. Qc2 Kh8 26. f4 Qh6 27. Bd3 Rg8 28. Bf5
Bc8 29. Qf2 Qh5 30. e4 b5 31. cxb5 Nb6 32. Bxc8 Rxc8 33. Rdc1 Nxa4 34. b6 Qh6
35. b7 Rb8 36. Rc4 1-0

[Event "Bundesliga 2021-22"]
[Site "Bremen GER"]
[Date "2022.03.06"]
[Round "2.8"]
[Board "1"]
[White "McShane, Luke J"]
[Black "Keymer, Vincent"]
[Result "1/2-1/2"]
[WhiteTitle "GM"]
[BlackTitle "GM"]
[WhiteElo "2647"]
[BlackElo "2655"]
[WhiteTeam "SV Werder Bremen"]
[BlackTeam "Schachfreunde Deizisau"]
[WhiteFideId "404853"]
[BlackFideId "12940690"]
[EventDate "2022.03.05"]

1. e4 c5 2. Nf3 d6 3. Bb5+ Nd7 4. d4 cxd4 5. Qxd4 a6 6. Bxd7+ Bxd7 7. Nc3 e5 8.
Qd3 Rc8 9. O-O Qc7 10. Rd1 Be6 11. a4 h6 12. Nd2 g6 13. Nf1 f5 14. Ne3 Nf6 15.
exf5 gxf5 16. Nxf5 d5 17. Bf4 exf4 18. Nd4 Bg8 19. Re1+ Be7 20. Nf5 Bh7 21. Nxd5
Nxd5 22. Qxd5 Bxf5 23. Qxf5 Rd8 24. Qg6+ Kf8 25. Qf5+ Ke8 26. Qg6+ Kf8 27. Qf5+
Ke8 1/2-1/2

[Event "Bundesliga 2021-22"]
[Site "Bremen GER"]
[Date "2022.03.06"]
[Round "2.8"]
[Board "4"]
[White "Kollars, Dmitrij"]
[Black "Edouard, Romain"]
[Result "1/2-1/2"]
[WhiteTitle "GM"]
[BlackTitle "GM"]
[WhiteElo "2635"]
[BlackElo "2591"]
[WhiteTeam "Schachfreunde Deizisau"]
[BlackTeam "SV Werder Bremen"]
[WhiteFideId "12909572"]
[BlackFideId "633429"]
[EventDate "2022.03.05"]

1. e4 c5 2. c3 d5 3. exd5 Qxd5 4. d4 Nf6 5. Nf3 e6 6. Na3 Be7 7. Nb5 Na6 8. Be2
O-O 9. O-O Qd8 10. Bf4 Nd5 11. Bg3 cxd4 12. Qxd4 Bd7 13. Ne5 Be8 14. c4 Bxb5 15.
cxb5 Nac7 16. a4 Bd6 17. Rfd1 f6 18. Nc4 Bxg3 19. hxg3 b6 20. Bf3 Qe7 21. Rd2
Rad8 1/2-1/2

[Event "Bundesliga 2021-22"]
[Site "Bremen GER"]
[Date "2022.03.06"]
[Round "2.8"]
[Board "5"]
[White "Babula, Vlastimil"]
[Black "Kozul, Zdenko"]
[Result "1/2-1/2"]
[WhiteTitle "GM"]
[BlackTitle "GM"]
[WhiteElo "2568"]
[BlackElo "2619"]
[WhiteTeam "SV Werder Bremen"]
[BlackTeam "Schachfreunde Deizisau"]
[WhiteFideId "301264"]
[BlackFideId "14502879"]
[EventDate "2022.03.05"]

1. d4 Nf6 2. c4 g6 3. Nc3 Bg7 4. e4 d6 5. Nf3 O-O 6. Be2 e5 7. O-O Nc6 8. d5 Ne7
9. b4 a5 10. Ba3 axb4 11. Bxb4 b6 12. a4 Ne8 13. Qb3 Kh8 14. Nb5 f5 15. a5 c6
16. dxc6 Nxc6 17. axb6 Rxa1 18. Rxa1 fxe4 19. Nd2 Bb7 20. Rf1 Nd4 21. Nxd4 exd4
22. c5 d3 23. Bd1 Nf6 24. cxd6 Bd5 25. Qa3 Qxb6 26. Bc5 Qb7 27. Bb3 Ra8 28. Bxd5
Qxd5 29. Qb4 Kg8 30. Re1 Rd8 31. h3 Bf8 32. Qc3 Bxd6 33. Bd4 Nh5 34. Rxe4 Nf4
35. Kf1 Bb8 36. Be3 Ne2 37. Qc4 Qxc4 38. Rxc4 Be5 39. g3 Nc3 40. Nf3 Bg7 41. Ke1
Nd5 42. Kd2 Rf8 43. Nd4 Nxe3 44. fxe3 Be5 45. g4 Bxd4 46. exd4 Rf3 47. d5 Kf7
48. Re4 Rxh3 49. d6 Rh2+ 50. Kxd3 Rh1 51. Kc4 Rd1 52. Kc5 h6 53. Kc6 Kf6 54. d7
Rc1+ 55. Kb7 Rd1 56. Kc7 Rc1+ 57. Kd8 Rd1 58. Ke8 h5 59. d8=Q+ Rxd8+ 60. Kxd8
Kg5 61. gxh5 gxh5 62. Ke7 h4 63. Rxh4 Kxh4 1/2-1/2

[Event "Bundesliga 2021-22"]
[Site "Bremen GER"]
[Date "2022.03.06"]
[Round "2.8"]
[Board "6"]
[White "Heimann, Andreas"]
[Black "Pruijssers, Roeland"]
[Result "1/2-1/2"]
[WhiteTitle "GM"]
[BlackTitle "GM"]
[WhiteElo "2581"]
[BlackElo "2570"]
[WhiteTeam "Schachfreunde Deizisau"]
[BlackTeam "SV Werder Bremen"]
[WhiteFideId "24624632"]
[BlackFideId "1013068"]
[EventDate "2022.03.05"]

1. d4 Nf6 2. c4 e6 3. Nf3 d5 4. g3 dxc4 5. Bg2 Nc6 6. Qa4 Bb4+ 7. Bd2 Nd5 8. Qb5
Bxd2+ 9. Nbxd2 c3 10. bxc3 Nxc3 11. Qb2 Na4 12. Qc2 Nb6 13. O-O Nxd4 14. Nxd4
Qxd4 15. Rfd1 O-O 16. Ne4 Qe5 17. f4 Qh5 18. Bf3 Qg6 19. Qxc7 Nd5 20. Qe5 a5 21.
Nd6 1/2-1/2

[Event "Bundesliga 2021-22"]
[Site "Bremen GER"]
[Date "2022.03.06"]
[Round "2.8"]
[Board "7"]
[White "Grigorian, Spartak"]
[Black "Dautov, Rustem"]
[Result "0-1"]
[WhiteTitle "IM"]
[BlackTitle "GM"]
[WhiteElo "2472"]
[BlackElo "2596"]
[WhiteTeam "SV Werder Bremen"]
[BlackTeam "Schachfreunde Deizisau"]
[WhiteFideId "24661490"]
[BlackFideId "4623606"]
[EventDate "2022.03.05"]

1. c4 e6 2. Nc3 d5 3. d4 a6 4. cxd5 exd5 5. Bf4 Nf6 6. e3 Bd6 7. Qf3 Be6 8. Bd3
O-O 9. Nge2 Bg4 10. Qg3 Bxe2 11. Nxe2 Bxf4 12. Nxf4 c5 13. dxc5 Qa5+ 14. Ke2
Nbd7 15. Rhb1 Qxc5 16. Rc1 Qb6 17. Rc2 Rac8 18. Rac1 Rxc2+ 19. Rxc2 Nc5 20. Qg5
Nxd3 21. Nxd3 Re8 22. Rc5 Qe6 23. Nf4 Qd6 24. Nh5 Nxh5 25. Rxd5 Qxd5 0-1

[Event "Bundesliga 2021-22"]
[Site "Augsburg GER"]
[Date "2022.04.09"]
[Round "3.1"]
[Board "4"]
[White "Rozentalis, Eduardas"]
[Black "Nyback, Tomi"]
[Result "1/2-1/2"]
[WhiteTitle "GM"]
[BlackTitle "GM"]
[WhiteElo "2539"]
[BlackElo "2573"]
[WhiteTeam "BCA Augsburg"]
[BlackTeam "SV Werder Bremen"]
[WhiteFideId "12800023"]
[BlackFideId "503142"]
[EventDate "2022.03.05"]

1. e4 e5 2. Nf3 Nc6 3. Bc4 Bc5 4. c3 Nf6 5. d3 d6 6. O-O h6 7. Re1 O-O 8. Nbd2
Ng4 9. Re2 Kh8 10. Nb3 Bb6 11. h3 Nf6 12. a4 a5 13. Bd2 Nh5 14. d4 Qf6 15. Re1
Nf4 16. Be3 g5 17. Nh2 Qg6 18. Bf1 f5 19. d5 Ne7 20. Bxb6 cxb6 21. exf5 Bxf5 22.
Nd4 Nfxd5 23. Nxf5 Qxf5 24. Qd2 Rad8 25. Rad1 Nf6 26. Qe3 Ned5 27. Qd2 Nf4 28.
Qe3 N4d5 29. Qd2 Kg7 30. g3 Ne7 31. Bg2 Qd7 32. Qc2 Qc7 33. Nf1 d5 34. Ne3 e4
35. Rd2 h5 36. Red1 Qc5 37. Qb3 Rd6 38. Rd4 Kh8 39. Qb5 Nc6 40. R4d2 Ne5 41. Qe2
Nd3 42. Nf5 Rdd8 43. Nd4 Rde8 44. Qe3 Nh7 45. Nf5 Rxf5 46. Rxd3 Nf6 47. Rd4 Kg7
48. R1d2 Re7 49. c4 dxc4 50. Qc3 e3 51. fxe3 Rfe5 52. Rxc4 Qxe3+ 53. Qxe3 Rxe3
54. Kh2 Ne4 55. Rd5 Re2 56. Kg1 Re1+ 57. Kh2 Re2 58. Kg1 Kf6 59. Rb5 Nxg3 60.
Rxb6+ R7e6 61. Rxe6+ Rxe6 62. Bxb7 Rb6 63. Rc6+ Rxc6 64. Bxc6 Ke5 65. Kg2 Nf5
66. Be8 g4 67. Bxh5 gxh3+ 68. Kxh3 Kd4 69. Kg2 Ne3+ 70. Kf2 Nc4 71. b3 Nd2 72.
Bf7 Kc3 73. Ke2 Nxb3 74. Bxb3 Kxb3 75. Kd2 Kxa4 1/2-1/2

[Event "Bundesliga 2021-22"]
[Site "Augsburg GER"]
[Date "2022.04.09"]
[Round "3.2"]
[Board "3"]
[White "Neiksans, Arturs"]
[Black "Gajewski, Grzegorz"]
[Result "1/2-1/2"]
[WhiteTitle "GM"]
[BlackTitle "GM"]
[WhiteElo "2577"]
[BlackElo "2589"]
[WhiteTeam "SV Muelheim Nord"]
[BlackTeam "USV TU Dresden"]
[WhiteFideId "11601388"]
[BlackFideId "1116207"]
[EventDate "2022.03.05"]

1. e4 c5 2. Nf3 d6 3. Bb5+ Nd7 4. Ba4 Nf6 5. O-O e6 6. Re1 a6 7. c3 b5 8. Bc2
Bb7 9. d4 Be7 10. Nbd2 Qc7 11. Nf1 O-O 12. Ng3 Rfe8 13. Qe2 a5 14. a4 cxd4 15.
cxd4 Rec8 16. Bd3 bxa4 17. Rxa4 d5 18. e5 Ne4 19. Bf4 Bb4 20. Rf1 f5 21. Raa1
Nf8 22. Rfc1 Qb6 23. Be3 Rxc1+ 24. Rxc1 a4 25. Qd1 a3 26. bxa3 Rxa3 27. Ra1 Ba6
28. Rxa3 Bxa3 29. Ne2 Bc4 30. h4 Qb5 31. Nf4 Ng6 32. Nxg6 hxg6 33. Bxe4 dxe4 34.
Ng5 Qb3 1/2-1/2